Opisy Sztuki Sumeryjskiej - Statystyki

Ogólne statystyki
  • Ten quiz został rozwiązany 14 razy
  • Średni wynik to 61 z 81
Statystyki odpowiedzi
Zagadnienie Komórka Select % Poprawnych
Budowla z ok.2100r.p.n.e, budowa schodkowa trójstopniowa, wieza sakralna powiacona bogu księżyca Nannie, z suchej cegly Nie
82%
Budowla z ok.2100r.p.n.e, budowa schodkowa trójstopniowa, wieza sakralna powiacona bogu księżyca Nannie, z suchej cegly Nie
82%
Budowla z ok.2100r.p.n.e, budowa schodkowa trójstopniowa, wieza sakralna powiacona bogu księżyca Nannie, z suchej cegly Nie
82%
Budowla z ok.2100r.p.n.e, budowa schodkowa trójstopniowa, wieza sakralna powiacona bogu księżyca Nannie, z suchej cegly Nie
82%
Budowla z ok.2100r.p.n.e, budowa schodkowa trójstopniowa, wieza sakralna powiacona bogu księżyca Nannie, z suchej cegly Nie
82%
Budowla z ok.2100r.p.n.e, budowa schodkowa trójstopniowa, wieza sakralna powiacona bogu księżyca Nannie, z suchej cegly Nie
82%
Budowla z ok.2100r.p.n.e, budowa schodkowa trójstopniowa, wieza sakralna powiacona bogu księżyca Nannie, z suchej cegly Nie
82%
Harfa znaleziona w grobach krolewskich z ur Tak
82%
Harfa znaleziona w grobach krolewskich z ur Nie
82%
Harfa znaleziona w grobach krolewskich z ur Nie
82%
Harfa znaleziona w grobach krolewskich z ur Nie
82%
Harfa znaleziona w grobach krolewskich z ur Nie
82%
Harfa znaleziona w grobach krolewskich z ur Nie
82%
Harfa znaleziona w grobach krolewskich z ur Nie
82%
Harfa znaleziona w grobach krolewskich z ur Nie
82%
Harfa znaleziona w grobach krolewskich z ur Nie
82%
Pismo odciskane na gliniany tabliczjach, Jedna z najstarszych na siecie odmian pisma z ok3500r.p.n.e Nie
82%
Pismo odciskane na gliniany tabliczjach, Jedna z najstarszych na siecie odmian pisma z ok3500r.p.n.e Nie
82%
Pismo odciskane na gliniany tabliczjach, Jedna z najstarszych na siecie odmian pisma z ok3500r.p.n.e Nie
82%
Pismo odciskane na gliniany tabliczjach, Jedna z najstarszych na siecie odmian pisma z ok3500r.p.n.e Nie
82%
Pismo odciskane na gliniany tabliczjach, Jedna z najstarszych na siecie odmian pisma z ok3500r.p.n.e Nie
82%
Pismo odciskane na gliniany tabliczjach, Jedna z najstarszych na siecie odmian pisma z ok3500r.p.n.e Nie
82%
Pismo odciskane na gliniany tabliczjach, Jedna z najstarszych na siecie odmian pisma z ok3500r.p.n.e Nie
82%
Drewniania skrzynia z 2900-2334r.p.n e znaleziony w kroleskich grobach z ur, przedstawiająca życie w wojnie i pokoju Nie
82%
Drewniania skrzynia z 2900-2334r.p.n e znaleziony w kroleskich grobach z ur, przedstawiająca życie w wojnie i pokoju Nie
82%
Drewniania skrzynia z 2900-2334r.p.n e znaleziony w kroleskich grobach z ur, przedstawiająca życie w wojnie i pokoju Nie
82%
Drewniania skrzynia z 2900-2334r.p.n e znaleziony w kroleskich grobach z ur, przedstawiająca życie w wojnie i pokoju Nie
82%
Drewniania skrzynia z 2900-2334r.p.n e znaleziony w kroleskich grobach z ur, przedstawiająca życie w wojnie i pokoju Nie
82%
Drewniania skrzynia z 2900-2334r.p.n e znaleziony w kroleskich grobach z ur, przedstawiająca życie w wojnie i pokoju Nie
82%
Drewniania skrzynia z 2900-2334r.p.n e znaleziony w kroleskich grobach z ur, przedstawiająca życie w wojnie i pokoju Nie
82%
posąg z alabastru, muszli, bitum i łapie lazuli z okresu 3 dynasti(2500-2334r.p.n.e) Nie
82%
posąg z alabastru, muszli, bitum i łapie lazuli z okresu 3 dynasti(2500-2334r.p.n.e) Nie
82%
posąg z alabastru, muszli, bitum i łapie lazuli z okresu 3 dynasti(2500-2334r.p.n.e) Nie
82%
posąg z alabastru, muszli, bitum i łapie lazuli z okresu 3 dynasti(2500-2334r.p.n.e) Nie
82%
posąg z alabastru, muszli, bitum i łapie lazuli z okresu 3 dynasti(2500-2334r.p.n.e) Nie
82%
posąg z alabastru, muszli, bitum i łapie lazuli z okresu 3 dynasti(2500-2334r.p.n.e) Nie
82%
posąg z alabastru, muszli, bitum i łapie lazuli z okresu 3 dynasti(2500-2334r.p.n.e) Nie
82%
Pokryty rytym wzorem cylinder, który przesuwano po tabliczne wilgotnej gliny, używane od 4 do 1 tysiaclecia Nie
82%
Pokryty rytym wzorem cylinder, który przesuwano po tabliczne wilgotnej gliny, używane od 4 do 1 tysiaclecia Nie
82%
Pokryty rytym wzorem cylinder, który przesuwano po tabliczne wilgotnej gliny, używane od 4 do 1 tysiaclecia Nie
82%
Pokryty rytym wzorem cylinder, który przesuwano po tabliczne wilgotnej gliny, używane od 4 do 1 tysiaclecia Nie
82%
Pokryty rytym wzorem cylinder, który przesuwano po tabliczne wilgotnej gliny, używane od 4 do 1 tysiaclecia Nie
82%
Budowla z ok.2100r.p.n.e, budowa schodkowa trójstopniowa, wieza sakralna powiacona bogu księżyca Nannie, z suchej cegly Tak
73%
Zlota figurka barana znaleziona w grobach krolewskich z ur Nie
73%
Zlota figurka barana znaleziona w grobach krolewskich z ur Nie
73%
Zlota figurka barana znaleziona w grobach krolewskich z ur Nie
73%
Zlota figurka barana znaleziona w grobach krolewskich z ur Nie
73%
Zlota figurka barana znaleziona w grobach krolewskich z ur Nie
73%
Zlota figurka barana znaleziona w grobach krolewskich z ur Nie
73%
Zlota figurka barana znaleziona w grobach krolewskich z ur Nie
73%
Pomnik z wapienia, ok.1,80m, z ok.2450r.p.n.e z Girsu, przedstawiający zwycięstwo Eanatuma wladcy Lagasz Nie
73%
Pomnik z wapienia, ok.1,80m, z ok.2450r.p.n.e z Girsu, przedstawiający zwycięstwo Eanatuma wladcy Lagasz Nie
73%
Pomnik z wapienia, ok.1,80m, z ok.2450r.p.n.e z Girsu, przedstawiający zwycięstwo Eanatuma wladcy Lagasz Nie
73%
Pomnik z wapienia, ok.1,80m, z ok.2450r.p.n.e z Girsu, przedstawiający zwycięstwo Eanatuma wladcy Lagasz Nie
73%
Pomnik z wapienia, ok.1,80m, z ok.2450r.p.n.e z Girsu, przedstawiający zwycięstwo Eanatuma wladcy Lagasz Nie
73%
Pomnik z wapienia, ok.1,80m, z ok.2450r.p.n.e z Girsu, przedstawiający zwycięstwo Eanatuma wladcy Lagasz Nie
73%
Pismo odciskane na gliniany tabliczjach, Jedna z najstarszych na siecie odmian pisma z ok3500r.p.n.e Tak
73%
Pismo odciskane na gliniany tabliczjach, Jedna z najstarszych na siecie odmian pisma z ok3500r.p.n.e Nie
73%
Drewniania skrzynia z 2900-2334r.p.n e znaleziony w kroleskich grobach z ur, przedstawiająca życie w wojnie i pokoju Nie
73%
Drewniania skrzynia z 2900-2334r.p.n e znaleziony w kroleskich grobach z ur, przedstawiająca życie w wojnie i pokoju Tak
73%
posąg z alabastru, muszli, bitum i łapie lazuli z okresu 3 dynasti(2500-2334r.p.n.e) Tak
73%
posąg z alabastru, muszli, bitum i łapie lazuli z okresu 3 dynasti(2500-2334r.p.n.e) Nie
73%
Pokryty rytym wzorem cylinder, który przesuwano po tabliczne wilgotnej gliny, używane od 4 do 1 tysiaclecia Nie
73%
Pokryty rytym wzorem cylinder, który przesuwano po tabliczne wilgotnej gliny, używane od 4 do 1 tysiaclecia Nie
73%
Rzezba przedstawiająca wladce Lagasz, panującego 22W.p.n.e, wykonana z czarnego diorytu,45cm, z girsu Nie
73%
Rzezba przedstawiająca wladce Lagasz, panującego 22W.p.n.e, wykonana z czarnego diorytu,45cm, z girsu Nie
73%
Rzezba przedstawiająca wladce Lagasz, panującego 22W.p.n.e, wykonana z czarnego diorytu,45cm, z girsu Nie
73%
Rzezba przedstawiająca wladce Lagasz, panującego 22W.p.n.e, wykonana z czarnego diorytu,45cm, z girsu Nie
73%
Rzezba przedstawiająca wladce Lagasz, panującego 22W.p.n.e, wykonana z czarnego diorytu,45cm, z girsu Nie
73%
Rzezba przedstawiająca wladce Lagasz, panującego 22W.p.n.e, wykonana z czarnego diorytu,45cm, z girsu Nie
73%
Rzezba przedstawiająca wladce Lagasz, panującego 22W.p.n.e, wykonana z czarnego diorytu,45cm, z girsu Nie
73%
Budowla z ok.2100r.p.n.e, budowa schodkowa trójstopniowa, wieza sakralna powiacona bogu księżyca Nannie, z suchej cegly Nie
64%
Pomnik z wapienia, ok.1,80m, z ok.2450r.p.n.e z Girsu, przedstawiający zwycięstwo Eanatuma wladcy Lagasz Nie
64%
Pokryty rytym wzorem cylinder, który przesuwano po tabliczne wilgotnej gliny, używane od 4 do 1 tysiaclecia Tak
64%
Pokryty rytym wzorem cylinder, który przesuwano po tabliczne wilgotnej gliny, używane od 4 do 1 tysiaclecia Nie
64%
Rzezba przedstawiająca wladce Lagasz, panującego 22W.p.n.e, wykonana z czarnego diorytu,45cm, z girsu Tak
64%
Rzezba przedstawiająca wladce Lagasz, panującego 22W.p.n.e, wykonana z czarnego diorytu,45cm, z girsu Nie
64%
Zlota figurka barana znaleziona w grobach krolewskich z ur Nie
55%
Zlota figurka barana znaleziona w grobach krolewskich z ur Tak
55%
Pomnik z wapienia, ok.1,80m, z ok.2450r.p.n.e z Girsu, przedstawiający zwycięstwo Eanatuma wladcy Lagasz Nie
55%
Pomnik z wapienia, ok.1,80m, z ok.2450r.p.n.e z Girsu, przedstawiający zwycięstwo Eanatuma wladcy Lagasz Tak
45%
Nie znaleziono quizów pasujących do podanych kryteriów
Rozkład punktacji
Procent ludzi z każdym wynikiem
Percentyl według liczby udzielonych odpowiedzi
Twoja historia wyników
Nie rozwiązałeś tego quizu